Welcome to the Holygrace Academy Library

Please use search bar below to get started

WAITING FOR ANYA (Record no. 6148)

MARC details
000 -LEADER
fixed length control field 00482nam a22001457a 4500
020 ## - INTERNATIONAL STANDARD BOOK NUMBER
ISBN 0-590-46849-9
082 ## - DEWEY DECIMAL CLASSIFICATION NUMBER
Classification number 823
Item number MOR/W
100 ## - MAIN ENTRY--AUTHOR NAME
Personal name MORPURGO, MICHAEL
245 ## - TITLE STATEMENT
Title WAITING FOR ANYA
260 ## - PUBLICATION, DISTRIBUTION, ETC. (IMPRINT)
Place of publication LONDON
Name of publisher SCHOLASTIC INC
Year of publication 1990
300 ## - PHYSICAL DESCRIPTION
Number of Pages 172
520 ## - SUMMARY, ETC.
Summary, etc During the horrors of WWII, Jo, a young shepherd, along with the help of the widow, Horcada, helps to smuggle Jewish children across the border from Southern France into Spain.
650 ## - SUBJECT ADDED ENTRY--TOPICAL TERM
Topical Term SHORT STORY
942 ## - ADDED ENTRY ELEMENTS (KOHA)
Koha item type Books
Holdings
Withdrawn status Lost status Collection code Home library Current library Shelving location Date acquired Source of acquisition Full call number Accession Number Koha item type
    Fiction Main Library Main Library SHELF 15-K-CHILDREN'S STORYBOOKS 19/06/2010 Purchase 823 MOR/W 05457 Books